| 000 | 00722nam a22002417a 4500 | ||
|---|---|---|---|
| 003 | BPGM | ||
| 005 | 20260627190859.0 | ||
| 008 | 260627b2011 mx oa||| |||| 001 0 spa d | ||
| 040 |
_aBPGM _bspa |
||
| 041 |
_aspa _hspa |
||
| 082 | 0 | 4 | _aPTM / 621.384 / R35 |
| 100 | _aRAMIRES ALVARES, JOSE GUADALUPE | ||
| 245 | _aVISION DE QUERETARO | ||
| 260 |
_aMEXICO, _bUNIVERDAD AUTONOMA DE QUERETARO, _c2011. |
||
| 300 |
_a231 paginas, _c31.7 cm x 25 cm. |
||
| 336 |
_2rdacontent _atexto _btxt |
||
| 337 |
_2rdamedia _asin mediación _bn |
||
| 338 |
_2rdacarrier _avolumen _bnc |
||
| 650 | _aTECNOLOGÍA (CIENCIAS APLICADAS) | ||
| 650 | _aINGENIERÍA Y OPERACIONES AFINES | ||
| 650 | _aFÍSICA APLICADA | ||
| 942 |
_2ddc _cCOLQ |
||
| 999 |
_c68693 _d68693 |
||